000 00553nam a2200229Ia 4500
003 OSt
005 20221005120230.0
006 a|||||r|||| 00| 0
007 ta
008 221004b |||||||| |||| 00| 0 eng d
024 _a56851
037 _cTextual
040 _aCRL
_cCRL
_beng
041 _2eng
_aeng
082 _aU:23121k, J9
245 0 _aDhawar(District gazetteer).
260 _c1959
490 _aGazetteer of Bombay state.
650 _aGEOGRAPHY
942 _hU:23121k, J9
_cTEXL
_2cc
999 _c1037298
_d1037298